Films par description # 2 - Statistiques

Statistiques générales
  • Ce quiz a été pris 372 fois
  • Le résultat moyen est 9 sur 15
Statistiques - réponses
Hint Réponse % Correct
Un requin avec un grand appétit terrorise une cité balnéaire Les Dents de la Mer
95%
Des véhicules extraterrestres qui se transforment en robot s'affrontent Transformers
93%
Sur ce monde, les singes ont remplacé les hommes La Planète des Singes
92%
Un aventurier archéologue qui est aussi professeur d'université Indiana Jones
90%
L'histoire d'amour d'un vagabond et d'une bourgeoise sur un bateau Titanic
87%
Un chevalier et son écuyer voyagent vers le futur et sèment la pagaille Les Visiteurs
77%
Une équipe de super-héros est crée par un agent secret pour affronter un extraterrestre violet Avengers
72%
De gentilles petites bêtes poilues se transforment en créatures vertes et sèment le désordre dans une ville Gremlins
63%
Un extraterrestre rend visite à un paysan qui lui fait boire de la soupe La Soupe aux Choux
62%
Un sorcier égyptien revient d'entre les morts et lance une malédiction sur l'Egypte La Momie
44%
Un extraterrestre chasse des humains comme des proies pour s'amuser Predator
34%
Un brigadier de campagne est muté dans le Var dans une ville côtière Le Gendarme de Saint-Tropez
29%
Un détective spécialisé dans les animaux doit retrouver un dauphin kidnappé Ace Ventura : Détective pour chiens et chats
19%
Deux amis idiots tentent de retrouver une jolie femme à bord d'un camion en forme de chien mais ils s'attirent des ennuis Dumb et Dumber
18%
Un homme d'action se fait passer pour un remplaçant dans un lycée à haut risque The Substitute
2%
Aucun quiz correspondant
Distribution des résultats
% des personnes avec chaque résultat
Percentile par nombre de réponses
Votre historique - résultats
Vous n’avez pas pris ce quiz